Sports Quiz

Random Sports Quiz

Champions League XIs: Roma Quiz Stats

 Plays Quiz not verified by Sporcle

Score 0/121 Timer 15:00
1 Play Today
% Correct
Francesco Totti
99.1%
Francesco Totti
99.1%
Francesco Totti
99.1%
Francesco Totti
99.1%
Francesco Totti
99.1%
Francesco Totti
99.1%
Francesco Totti
98.8%
Francesco Totti
96.2%
Daniele De Rossi
94.2%
Daniele De Rossi
94%
Edin Džeko
93.2%
Daniele De Rossi
92.6%
Daniele De Rossi
92.6%
Daniele De Rossi
92.6%
Daniele De Rossi
90.2%
Edin Džeko
88.8%
Edin Džeko
85.4%
Kostas Manolas
72.8%
Alessandro Florenzi
72.8%
Kostas Manolas
71.9%
Cafu
71.8%
Cafu
71.8%
Alessandro Florenzi
71.6%
Gabriel Batistuta
69.3%
Alessandro Florenzi
68.5%
Kostas Manolas
68.4%
Philippe Mexes
68.3%
Philippe Mexes
68.3%
Philippe Mexes
68.3%
Doni
67.9%
Doni
67.9%
Doni
67.9%
Philippe Mexes
66.1%
Radja Nainggolan
66.1%
Aleksandar Kolarov
66%
Kostas Manolas
64.6%
Radja Nainggolan
64.6%
Simone Perrotta
64.1%
Simone Perrotta
64.1%
Simone Perrotta
64.1%
Simone Perrotta
64.1%
% Correct
Alessandro Florenzi
64%
Miralem Pjanić
63.7%
Radja Nainggolan
63.1%
Kevin Strootman
63%
Miralem Pjanić
62.5%
Simone Perrotta
62.4%
Wojciech Szczęsny
61.3%
Mohamed Salah
60.9%
Alessandro Mancini
59.2%
Alessandro Mancini
59.2%
Alessandro Mancini
59.2%
Allison
58.8%
Juan
57.3%
Antonio Cassano
57.2%
Antonio Cassano
57.2%
Christian Panucci
55.7%
Christian Panucci
55.7%
Christian Panucci
55.7%
Christian Panucci
55.7%
Emerson
55.1%
Emerson
55.1%
Mirko Vucinic
54.3%
Federico Fazio
54.2%
Vincent Candela
53.6%
Vincent Candela
53.6%
Vincent Candela
53.6%
Rodrigo Taddei
53.3%
Rodrigo Taddei
53.3%
Rodrigo Taddei
53.3%
Walter Samuel
52.6%
Walter Samuel
52.6%
Aleksandar Kolarov
52.3%
Morgan De Sanctis
51.5%
Damiano Tommasi
51.2%
Damiano Tommasi
51.2%
Cristian Chivu
50.9%
Gervinho
50.4%
Antonio Rüdiger
47.8%
Federico Fazio
47.6%
Robin Olsen
46.6%
Cengiz Ünder
46.6%
% Correct
Diego Perotti
46.4%
John Arne Riise
45.2%
Francesco Antonioli
44.1%
Francesco Antonioli
44.1%
John Arne Riise
43.6%
David Pizarro
42.8%
Lorenzo Pellegrini
42.7%
David Pizarro
41.4%
Alberto Aquilani
40.9%
Steven Nzonzi
39.8%
Jonathan Zebina
39.2%
Jonathan Zebina
39.2%
Bogdan Lobont
39.1%
Juan Jesus
39%
Marco Borriello
37.8%
Marco Cassetti
36.9%
Marco Cassetti
36.9%
Marco Cassetti
35.9%
Nicolò Zaniolo
35%
Antonio Carlos
34.8%
José Holebas
33.6%
Nicolas Burdisso
33.5%
Ivan Pelizzoli
33.2%
Vasilis Torosidis
33.2%
Lucas Digne
32.1%
Seydou Keita
32.1%
Cicinho
31.8%
Max Tonetto
30.7%
Max Tonetto
30.7%
Jeremy Menez
29.1%
Francisco Lima
27.1%
Francisco Lima
27.1%
Matteo Brighi
25.2%
Leandro Cufre
24.5%
Mapou Yanga-Mbiwa
23.9%
Bryan Cristante
23.3%
Traianos Dellas
23.2%
Matteo Ferrari
22.1%
Iago Falque
17.5%

You're not logged in!

Compare scores with friends on all Sporcle quizzes.
OR
Log In

Show Comments

Extras

Top Quizzes Today


Score Distribution

Your Account Isn't Verified!

In order to create a playlist on Sporcle, you need to verify the email address you used during registration. Go to your Sporcle Settings to finish the process.

Report this User

Report this user for behavior that violates our Community Guidelines.

Details: